LEADER 01660nam1 22002891i 450 001 UON00438976 005 20231205104941.317 010 $a38-7118-222-2 100 $a20140505f |0itac50 ba 101 $ager 102 $aDE 105 $a|||| 1|||| 200 1 $aˆDie ‰Estnischen Grammatiken des 17. Jahrhunderts 210 $aHamburg$cHelmut Buske Verlag 215 $av.$d17 cm. 410 1$1001UON00440613$12001 $aFenno-ugrica$fHrsgb. H. Haarmann, A. L. Värri Haarmann$1210 $aHamburg$cBuske 463 1$1001UON00440614$12001 $aAnführung zu der Esthnischen Sprach$fHeinrich Stahl. Observationes Grammaticae circa linguam Esthonicam$fJohann Gutslaff$gKommentiert und hrsgb. von Harald Haarman$1210 $aHamburg$cHelmut Buske Verlag$d1976$1215 $a[paginazione varia]$d17 cm.$v1 463 1$1001UON00440616$12001 $aManuductio ad Linguam Oesthonicam Anführung zur Ohstnischen Sprache$fHeinrich Göseken$gHrsgb. und mit einer Einleitung versehen von A. L. Värri Haarmann$1210 $aHamburg$cHelmut Buske Verlag$d1977$1215 $a[paginazione varia]$d17 cm.$v2 463 1$1001UON00440618$12001 $aGrammatica Esthonica, brevi, perspicua tamen methodo ad dialectum revaliensem$fJohann Hornung$gEingeleitet und herausgegeben von Harald Haarmann$1210 $aHamburg$cHelmut Buske Verlag$d1977$1215 $a[paginazione varia]$d17 cm.$v3 606 $aLingua estone$xGrammatica$3UONC038992$2FI 620 $aDE$dHamburg$3UONL003222 676 $a494.545$cLINGUA ESTONE$v22 712 $aBuske$3UONV248672$4650 801 $aIT$bSOL$c20250613$gRICA 912 $aUON00438976 996 $aEstnischen Grammatiken des 17. Jahrhunderts$91209537 997 $aUNIOR